20 häufigste Verben (in Romanen) - Statistiken

Allgemein
  • Dieses Quiz wurde 40 mal gespielt
  • Das Durchschnittsergebnis liegt bei 9 aus 20
Antwortstatistiken
Rang Wort % Korrekt
10. gehen
80%
2. haben
77%
5. sagen
69%
4. können
66%
11. machen
57%
6. sehen
57%
8. wollen
57%
3. werden
54%
12. geben
49%
18. tun
43%
20. hören
40%
7. müssen
40%
19. nehmen
40%
1. sein
40%
14. stehen
37%
15. sollen
29%
16. wissen
29%
9. kommen
26%
17. fragen
9%
13. lassen
9%
Keine übereinstimmenden Quizze gefunden
Verteilung der Resultate
Anzahl Personen mit jedem Resultat
Perzentil nach korrekt beantworteten Fragen
Ihre Resultats-Entwicklung
Sie haben dieses Quiz noch nicht gespielt